| 000 | 02764cam a22004934a 4500 | ||
|---|---|---|---|
| 001 | 16641891 | ||
| 003 | BJBSDDR | ||
| 005 | 20260429175841.0 | ||
| 006 | a|||||r|||| 00| 0 | ||
| 007 | ta | ||
| 008 | 110202s2011 nyu rb 001 0 eng | ||
| 010 | _a 2011005022 | ||
| 016 | 7 |
_a101553147 _2DNLM |
|
| 020 |
_a9781594630781 _qhardback |
||
| 020 |
_a159463078X _qhardback |
||
| 035 | _a16641891 | ||
| 035 | _a(OCoLC)671703578 | ||
| 040 |
_aDNLM/DLC _cDLC _dYDX _dNLM _dBTCTA _dYDXCP _dBKL _dVP@ _dCDX _dMOF _dDLC _beng |
||
| 041 | _aeng | ||
| 042 | _apcc | ||
| 050 | 0 | 0 |
_aQH588.S83 _bP235s 2011 |
| 060 | 0 | 0 | _a2011 I-306 |
| 060 | 1 | 0 | _aQU 325 |
| 082 | 0 | 0 |
_a616/.02774 _222 |
| 100 | 1 |
_aPark, Alice, _d1967- _948213 |
|
| 245 | 1 | 4 |
_aThe stem cell hope : _bhow stem cell medicine can change our lives / _cAlice Park. |
| 260 |
_aNew York : _bHudson Street Press, _cc2011. |
||
| 300 |
_axviii, 318 pages ; _c24 cm. |
||
| 336 |
_atext _btxt _2rdacontent |
||
| 337 |
_aunmediated _bn _2rdamedia |
||
| 338 |
_avolume _bnc _2rdacarrier |
||
| 504 | _aIncludes bibliographical references (p. [293]-310) and index. | ||
| 505 | 0 | _aA tale of two fathers -- It began with Dolly -- Politics intrudes -- From mouse to man -- A president, a policy, and a predicament -- Fighting back -- California dreamin' -- Caught up in cloning -- The rise and fall of a 'supreme scientist' -- Safe harbors -- A jolt from Japan -- Looking ahead. | |
| 520 | _a"Few people know much about stem cell research beyond the ethical questions raised by using embryos. But in the last decade, stem cell research has made huge advances toward eliminating some of our most intractable diseases. Now, this sweeping book introduces us to this cutting-edge science that will revolutionize medicine and change the way we think about and treat disease. Alice Park takes us from stem cells' controversial beginnings to the recent electrifying promise of being able to create the versatile cells without using embryos at all. She shows us how stem cells give researchers an unprecedented ability to study disease while giving patients the promise of replacing diseased cells with healthy new ones. And she profiles the scientists and leaders who have fueled the quest and will continue to shape the field in years to come"--Provided by publisher. | ||
| 650 | 0 |
_aStem cells _xResearch _vPopular works. |
|
| 650 | 0 |
_aStem cells _xTransplantation _vPopular works. |
|
| 650 | 1 | 2 |
_aStem Cell Research _vPopular Works. |
| 650 | 2 | 2 |
_aStem Cell Transplantation _vPopular Works. |
| 906 |
_a7 _bcbc _corignew _d1 _eecip _f20 _gy-gencatlg |
||
| 942 |
_2lcc _n0 _cBK |
||
| 946 | _illh | ||
| 999 |
_c126962 _d126962 |
||